00834nam a2200229 a 450000100100000000500170001000800410002702000150006804000250008308200150010810000420012324500930016526000520025830000270031049000250033750000420036250400270040483000340043104900090046595201130047499900170058700002940420200930055527.0110415s1998 dr a 000 0 spa d a8495188090 aDO-SdBNPbspacBNPHU axxxbA258p1 aMartínez San Pedro, África93638810aLa probabilidad en el aula :buna propuesta de trabajo /cÁfrica Martínez San Pedro. aSanto Domingo :bCentro Cultural Poveda,c1998. a19 p. :bil. ;c28 cm.1 aEstrategíasvno. 1 aIncluye notas al pie de las páginas aBibliografía : p. 19 0aEstrategías ;vno. 1956276 aBNPD 0010718PDaPDbPDcCTd2011-04-15iLF1l0oxxx A258pp29404-10r2020-06-25w2020-06-25yLFPDZNo se presta c28896d28896